000 01050nac a22003131u 4500
003 EG-ScBUE
005 20250612135953.0
008 100906s1995 enkac f b 001 0 eng d
020 _a0521566991
020 _a9780521566995
040 _aEG-ScBUE
_beng
_erda
_cEG-ScBUE
_dEG-ScBUE
082 0 4 _a535
_bLIP
_222
100 1 _aLipson, S. G.
_q(Stephen G.)
_918345
245 1 0 _aOptical physics /
_cS.G. Lipson, H. Lipson, and D.S. Tannhauser.
250 _aThird edition.
264 1 _aCambridge :
_bCambridge University Press,
_c1995
300 _axviii, 497 pages :
_billustrations, portraits ;
_c26 cm
336 _2rdacontent
_atext
_btxt
337 _aunmediated
_2rdamedia
_bn
338 _avolume
_bnc
_2rdacarrier
500 _aPrevious ed.: 1981.
504 _aIncludes bibliographical references and index.
650 7 _aPhysical optics.
_2BUEsh
_918346
650 7 _aOptics.
_2BUEsh
_918347
655 _vReading book
700 _aLipson, H.
_q(Henry)
_eauthor.
_918348
700 1 _aTannhauser, D. S.,
_eauthor.
_918349
942 _cBB
_2ddc
999 _c1369
_d1369